Statistics for The Richard Nixon Presidency

Click here to take the quiz!

General Stats

  • This quiz has been taken 11,281 times
  • The average score is 13 of 22

Answer Stats

Hint Answer % Correct
Scandal that forced him to resignWatergate
96%
War the U.S. stopped fighting in 1973Vietnam War
92%
His Vice PresidentsGerald Ford
81%
1960 election opponentJohn F. Kennedy
79%
Fill-in-the-blankI'm not a {crook}
77%
His middle name
(Hint: a Simpsons character)
Milhous
72%
Nixon's nickname{Tricky} Dick
70%
Name and number of the
first mission to land on the moon
Apollo 11
67%
Most well-known Secretary of StateHenry Kissinger
66%
State of birthCalifornia
64%
His Vice PresidentsSpiro Agnew
62%
Nixon's political baseThe {Silent} Majority
54%
Country the U.S. invaded in 1970Cambodia
52%
His wife's first nameThelma, aka "Pat"
50%
Fill-in-the-blankOnly Nixon could go to {China}
40%
Fill-in-the-blankYou don't have Nixon to {kick} {around} any more
38%
Family dog and name
of his famous 1952 speech
Checkers
37%
1968 election opponentsHubert Humphrey
36%
Name for the "thawing" of relations
with the Soviet Union
Détente
34%
1972 election opponentGeorge McGovern
33%
His religious denominationQuaker
32%
1968 election opponentsGeorge Wallace
25%

Score Distribution

Percentile by Number Answered

Percent of People with Each Score

Your Score History

You have not taken this quiz